| 000 | 00429nam a22001457a 4500 | ||
|---|---|---|---|
| 040 | _cNUST | ||
| 082 |
_a519.5 _bSPI |
||
| 100 | _aSpiegel Murray R. | ||
| 110 |
_aSchiller John, Srinivasan R.Alu _9124593 |
||
| 245 | _aTheory and Problems of Probability and Statistics | ||
| 250 | _aSecond Editionh | ||
| 260 |
_aRawalpindi: _bNational Book Foundation; _c2007. |
||
| 650 |
_aProbability and Statistics _958017 |
||
| 942 |
_2ddc _cBK |
||
| 999 |
_c610410 _d610410 |
||